00600nam a2200193Ia 450000500170000000800410001702000150005808200150007310000170008824500830010526000420018830000190023065000150024965000130026465000130027794200060029095200970029699900130039320240718052959.0240331s9999 xx 000 0 und d a0719053552 a200.2bJAN aJantzen, G.M 0aBecoming divine :btowards a feminist philosophy of religioncGrace M. Jantzen aUKbManchester university pressc1998 aviii, 296 p ., aPhilosophy aFeminism aReligion cL 001040708LaWERCLbWERCLcSSCd2024-03-31l0o 200.2 JANp2716r2024-03-31w2024-03-31yL c806d806